000
00212nam a2200121Ia 4500
100
_a
#N/A
650
_a
Computers
942
_c
BK
654
_a
ubuntu
245
_a
ubuntu
260
_b
#N/A
546
_a
ENGLISH
999
_c
22738
_d
22738